MARC details
| 000 -LEADER |
| fixed length control field |
03579pam a2200709 i 4500 |
| 001 - CONTROL NUMBER |
| control field |
2873190 |
| 005 - DATE AND TIME OF LATEST TRANSACTION |
| control field |
20191217163547.0 |
| 008 - FIXED-LENGTH DATA ELEMENTS--GENERAL INFORMATION |
| fixed length control field |
180726s2019 nyua b 000 0 eng c |
| 010 ## - LIBRARY OF CONGRESS CONTROL NUMBER |
| LC control number |
2018035735 |
| 020 ## - INTERNATIONAL STANDARD BOOK NUMBER |
| International Standard Book Number |
9780525578833 (lib. bdg.) : |
| Terms of availability |
$12.99 |
| 020 ## - INTERNATIONAL STANDARD BOOK NUMBER |
| International Standard Book Number |
0525578838 : |
| Terms of availability |
$12.99 |
| 020 ## - INTERNATIONAL STANDARD BOOK NUMBER |
| International Standard Book Number |
9780525578826 (pbk.) |
| 020 ## - INTERNATIONAL STANDARD BOOK NUMBER |
| International Standard Book Number |
9780525578840 |
| 035 ## - SYSTEM CONTROL NUMBER |
| System control number |
(OCoLC)1047572973 |
| 035 ## - SYSTEM CONTROL NUMBER |
| System control number |
(OCoLC)on1047572973 |
| 035 ## - SYSTEM CONTROL NUMBER |
| System control number |
2835234 |
| 040 ## - CATALOGING SOURCE |
| Original cataloging agency |
NJQ/DLC |
| Language of cataloging |
eng |
| Description conventions |
rda |
| Transcribing agency |
NJQ |
| Modifying agency |
DLC |
| 042 ## - AUTHENTICATION CODE |
| Authentication code |
pcc |
| 050 00 - LIBRARY OF CONGRESS CALL NUMBER |
| Classification number |
QE861.5 |
| Item number |
.P475 2019 |
| 082 04 - DEWEY DECIMAL CLASSIFICATION NUMBER |
| Classification number |
567.91 |
| Edition number |
23 |
| 092 ## - LOCALLY ASSIGNED DEWEY CALL NUMBER (OCLC) |
| Classification number |
E |
| 999 ## - SYSTEM CONTROL NUMBERS (KOHA) |
| Koha Dewey Subclass [OBSOLETE] |
E |
| 100 1# - MAIN ENTRY--PERSONAL NAME |
| Personal name |
Perl, Erica S., |
| Relator term |
author. |
| 9 (RLIN) |
52718 |
| 245 10 - TITLE STATEMENT |
| Title |
Dinosaurs! / |
| Statement of responsibility, etc |
by Erica S. Perl ; illustrations by Michael Slack. |
| 264 #1 - Production, Publication, Distribution, Manufacture, and Copyright Notice. |
| Place of production, publication, distribution, manufacture |
New York : |
| Name of producer, publisher, distributor, manufacturer |
Random House, |
| Date of production, publication, distribution, manufacture, or copyr |
[2019] |
| 300 ## - PHYSICAL DESCRIPTION |
| Extent |
48 pages : |
| Other physical details |
color illustrations ; |
| Dimensions |
24 cm. |
| 336 ## - Content Type |
| Content type term |
text |
| 336 ## - Content Type |
| Content type term |
still image |
| 337 ## - Media type |
| Media type term |
unmediated |
| 338 ## - Carrier type |
| Carrier type term |
volume |
| 490 1# - SERIES STATEMENT |
| Series statement |
Truth or lie |
| 490 1# - SERIES STATEMENT |
| Series statement |
Step into reading. Step 3 |
| 504 ## - BIBLIOGRAPHY, ETC. NOTE |
| Bibliography, etc |
Includes bibliographical references (page 48). |
| 520 ## - SUMMARY, ETC. |
| Summary, etc |
"Fun facts about dinosaurs presented in a quiz like style. Learn about everything from Triceratops to Tyrannosaurs Rex."-- |
| 521 1# - TARGET AUDIENCE NOTE |
| Target audience note |
5-8 |
| Source |
Brodart. |
| 521 2# - TARGET AUDIENCE NOTE |
| Target audience note |
K-3 |
| Source |
Brodart. |
| 650 #0 - SUBJECT ADDED ENTRY--TOPICAL TERM |
| Topical term or geographic name as entry element |
Dinosaurs |
| Form subdivision |
Miscellanea |
| -- |
Juvenile literature. |
| 9 (RLIN) |
5744685 |
| 650 #0 - SUBJECT ADDED ENTRY--TOPICAL TERM |
| Topical term or geographic name as entry element |
Animals, Fossil |
| Form subdivision |
Juvenile literature. |
| 9 (RLIN) |
5714823 |
| 650 #0 - SUBJECT ADDED ENTRY--TOPICAL TERM |
| Topical term or geographic name as entry element |
Reptiles, Fossil |
| Form subdivision |
Juvenile literature. |
| 9 (RLIN) |
5809213 |
| 650 #1 - SUBJECT ADDED ENTRY--TOPICAL TERM |
| Topical term or geographic name as entry element |
Dinosaurs |
| Form subdivision |
Miscellanea. |
| 9 (RLIN) |
5744687 |
| 650 #1 - SUBJECT ADDED ENTRY--TOPICAL TERM |
| Topical term or geographic name as entry element |
Prehistoric animals. |
| 9 (RLIN) |
102609 |
| 650 #1 - SUBJECT ADDED ENTRY--TOPICAL TERM |
| Topical term or geographic name as entry element |
Reptiles, Fossil. |
| 9 (RLIN) |
90640 |
| 650 #7 - SUBJECT ADDED ENTRY--TOPICAL TERM |
| Topical term or geographic name as entry element |
JUVENILE NONFICTION / Animals / Dinosaurs & Prehistoric Creatures |
| Source of heading or term |
bisacsh |
| 9 (RLIN) |
5734025 |
| 650 #7 - SUBJECT ADDED ENTRY--TOPICAL TERM |
| Topical term or geographic name as entry element |
JUVENILE NONFICTION / Reader - Beginner |
| Source of heading or term |
bisacsh |
| 9 (RLIN) |
5726091 |
| 650 #7 - SUBJECT ADDED ENTRY--TOPICAL TERM |
| Topical term or geographic name as entry element |
JUVENILE NONFICTION / Science & Nature / Fossils |
| Source of heading or term |
bisacsh |
| 9 (RLIN) |
5733151 |
| 700 1# - ADDED ENTRY--PERSONAL NAME |
| Personal name |
Slack, Michael H., |
| Dates associated with a name |
1969- |
| Relator term |
illustrator. |
| 9 (RLIN) |
5809214 |
| 800 1# - SERIES ADDED ENTRY--PERSONAL NAME |
| Personal name |
Perl, Erica S. |
| Title of a work |
Truth or lie. |
| 9 (RLIN) |
5809215 |
| 830 #0 - SERIES ADDED ENTRY--UNIFORM TITLE |
| Uniform title |
Step into reading. |
| Number of part/section of a work |
Step 3 book. |
| 9 (RLIN) |
22591 |
| 942 ## - ADDED ENTRY ELEMENTS (KOHA) |
| Source of classification or shelving scheme |
Dewey Decimal Classification |
| Koha item type |
BOOK |
| 948 ## - LOCAL PROCESSING INFORMATION (OCLC); SERIES PART DESIGNATOR (RLIN) |
| Series part designator, SPT (RLIN) |
BPG |
| b (OCLC) |
CHILDREN'S |
| p (OCLC) |
X120363544 |
| k (OCLC) |
J |
| h (OCLC) |
E |
| f (OCLC) |
1 |
| r (OCLC) |
2 |
| g (OCLC) |
1 |
| 7 (OCLC) |
0 |
| u (OCLC) |
3 |
| w (OCLC) |
11 |
| s (OCLC) |
0 |
| o (OCLC) |
BPG |
| 0 (OCLC) |
$12.99 |
| y (OCLC) |
99 |
| c (OCLC) |
95 |
| j (OCLC) |
Dewey Decimal |
| n (OCLC) |
On-Order |
| e (OCLC) |
1553128-3 |
| 9 (OCLC) |
Item generated Aug 13 2019 8:28AM |
| 948 ## - LOCAL PROCESSING INFORMATION (OCLC); SERIES PART DESIGNATOR (RLIN) |
| Series part designator, SPT (RLIN) |
BAR |
| b (OCLC) |
CHILDREN'S |
| p (OCLC) |
X120363551 |
| k (OCLC) |
J |
| h (OCLC) |
E |
| f (OCLC) |
1 |
| r (OCLC) |
2 |
| g (OCLC) |
1 |
| 7 (OCLC) |
0 |
| u (OCLC) |
3 |
| w (OCLC) |
11 |
| s (OCLC) |
0 |
| o (OCLC) |
BAR |
| 0 (OCLC) |
$12.99 |
| y (OCLC) |
99 |
| c (OCLC) |
95 |
| j (OCLC) |
Dewey Decimal |
| n (OCLC) |
On-Order |
| e (OCLC) |
1553128-5 |
| 9 (OCLC) |
Item generated Aug 13 2019 8:28AM |
| 948 ## - LOCAL PROCESSING INFORMATION (OCLC); SERIES PART DESIGNATOR (RLIN) |
| Series part designator, SPT (RLIN) |
BDW |
| b (OCLC) |
CHILDREN'S |
| p (OCLC) |
X120363569 |
| k (OCLC) |
J |
| h (OCLC) |
E |
| f (OCLC) |
1 |
| r (OCLC) |
2 |
| g (OCLC) |
1 |
| 7 (OCLC) |
0 |
| u (OCLC) |
3 |
| w (OCLC) |
11 |
| s (OCLC) |
0 |
| o (OCLC) |
BDW |
| 0 (OCLC) |
$12.99 |
| y (OCLC) |
99 |
| c (OCLC) |
95 |
| j (OCLC) |
Dewey Decimal |
| n (OCLC) |
On-Order |
| e (OCLC) |
1553128-4 |
| 9 (OCLC) |
Item generated Aug 13 2019 8:28AM |
| 948 ## - LOCAL PROCESSING INFORMATION (OCLC); SERIES PART DESIGNATOR (RLIN) |
| Series part designator, SPT (RLIN) |
BMK |
| b (OCLC) |
CHILDREN'S |
| p (OCLC) |
X120363577 |
| k (OCLC) |
J |
| h (OCLC) |
E |
| f (OCLC) |
1 |
| r (OCLC) |
2 |
| g (OCLC) |
1 |
| 7 (OCLC) |
0 |
| u (OCLC) |
3 |
| w (OCLC) |
11 |
| s (OCLC) |
0 |
| o (OCLC) |
BMK |
| 0 (OCLC) |
$12.99 |
| y (OCLC) |
99 |
| c (OCLC) |
95 |
| j (OCLC) |
Dewey Decimal |
| n (OCLC) |
On-Order |
| e (OCLC) |
1553128-2 |
| 9 (OCLC) |
Item generated Aug 13 2019 8:28AM |
| 948 ## - LOCAL PROCESSING INFORMATION (OCLC); SERIES PART DESIGNATOR (RLIN) |
| Series part designator, SPT (RLIN) |
BTG |
| b (OCLC) |
CHILDREN'S |
| p (OCLC) |
X120363585 |
| k (OCLC) |
J |
| h (OCLC) |
E |
| f (OCLC) |
1 |
| r (OCLC) |
2 |
| g (OCLC) |
1 |
| 7 (OCLC) |
0 |
| u (OCLC) |
3 |
| w (OCLC) |
11 |
| s (OCLC) |
0 |
| o (OCLC) |
BTG |
| 0 (OCLC) |
$12.99 |
| y (OCLC) |
99 |
| c (OCLC) |
95 |
| j (OCLC) |
Dewey Decimal |
| n (OCLC) |
On-Order |
| e (OCLC) |
1553128-6 |
| 9 (OCLC) |
Item generated Aug 13 2019 8:28AM |
| 948 ## - LOCAL PROCESSING INFORMATION (OCLC); SERIES PART DESIGNATOR (RLIN) |
| Series part designator, SPT (RLIN) |
BRF |
| b (OCLC) |
CHILDREN'S |
| p (OCLC) |
X120363593 |
| k (OCLC) |
J |
| h (OCLC) |
E |
| f (OCLC) |
1 |
| r (OCLC) |
2 |
| g (OCLC) |
1 |
| 7 (OCLC) |
0 |
| u (OCLC) |
3 |
| w (OCLC) |
11 |
| s (OCLC) |
0 |
| o (OCLC) |
BRF |
| 0 (OCLC) |
$12.99 |
| y (OCLC) |
99 |
| c (OCLC) |
95 |
| j (OCLC) |
Dewey Decimal |
| n (OCLC) |
On-Order |
| e (OCLC) |
1553128-1 |
| 9 (OCLC) |
Item generated Aug 13 2019 8:28AM |